000 00492nam a22001817a 4500
005 20140416104625.0
010 _aENG-109321
020 _a9789350450512
_c150.00
035 _aEN-92854
037 _bDBAD/PUB
082 _a881
100 _aModi, Amishal
245 _aPrelude to a storm /
_cby Amishal Modi
260 _aKolkata
_bWriters Workshop
_c2013
270 _a162/92 Lake Gardens
_bKolkata
_e700045
300 _a77p.
_c22cm(Hb)
942 _2ddc
_cEN
_mMOD
_h881
999 _c82566
_d82566